000 00910cab a22002415a 4500
001 L146487
008 090126e20090124xxkbdo f s 000 0 eng d
035 _a(Sirsi) u146487
041 0 _aeng
100 1 _aPilkington, Lisa
245 0 0 _aFocus
_bEast Midlands offices and retail
260 _c2009
490 _aEstates Gazette
_v(0904) 24 January 2009, 79-93(13)
520 _aGeographical feature on the office and retail property markets in the East Midlands. Includes sections on the effects of the credit crunch on development in Nottingham, city centre schemes in Derby and regeneration in Lincs and Northants.
590 _aKA
651 4 _aEngland and Wales
_y1543-
690 _aPROPERTY-COMMERCIAL PROPERTY-COMMERCIAL PROPERTY MARKET
690 _aPROPERTY-PROPERTY MANAGEMENT-REGENERATION
700 1 _aCoyne, Andy
700 1 _aMorrison, Adrian
700 1 _aNorman, Paul
942 _n0
999 _c81165
_d81165